Top 10 países más poblados de Europa - Estadísticas

Estadísticas generales
  • Esta prueba ha sido intentada 12.149 veces
  • La puntuación promedio es 9 de 10
Estadísticas de respuestas
Población País % Correcto
83,8 millones Alemania
99%
47,9 millones España
99%
69,3 millones Francia
99%
110 millones Rusia
99%
59,1 millones Italia
98%
70,3 millones Reino Unido
97%
38,0 millones Polonia
93%
39,5 millones Ucrania
89%
18,9 millones Rumania
80%
18,6 millones Países Bajos
74%
No se encontraron pruebas coincidentes
Distribución de puntuación
Porcentaje de gente con cada puntuación
Porcentaje por número respondido
Historial de tus puntuaciones
No has intentado esta prueba.